| 000 | 00826cam a22002298a 4500 | ||
|---|---|---|---|
| 001 | 016246542 | ||
| 003 | OSt | ||
| 005 | 20201128021304.0 | ||
| 008 | 121221t2011 enka frb 001 0 eng d | ||
| 020 | _a9780857936196 (pbk.) | ||
| 040 |
_aStDuBDS _beng _cStDuBDS _eEG-ScBUE |
||
| 082 | 0 | 4 |
_a338.04 _222 _bHAN |
| 245 | 0 | 0 |
_aHandbook of research on entrepreneurship and regional development : _bnational and regional perspectives / _cedited by Michael Fritsch. |
| 260 |
_aCheltenham ; _aMassachusetts : _bEdward Elgar, _cc.2011. |
||
| 300 |
_avi, 349 p. : _cill. ; _b24 cm. |
||
| 504 | _aIncludes bibliographical references and indexes. | ||
| 650 | 7 |
_aEntrepreneurship. _2BUEsh _9240 |
|
| 650 | 7 |
_aRegional planning. _2BUEsh _936592 |
|
| 653 |
_bBUSADM _cJune2015 _cNovember2015 |
||
| 700 | 1 |
_aFritsch, Michael. _teditor |
|
| 942 | _2ddc | ||
| 999 |
_c19576 _d19548 |
||